|
|
|
|
| LEADER |
01403nam a2200397 a 4500 |
| 001 |
nkc20081802855 |
| 003 |
CZ PrNK |
| 005 |
20090810111404.0 |
| 007 |
ta |
| 008 |
080502s2008 xr a e 000 0 cze |
| 015 |
|
|
|a cnb001802855
|
| 020 |
|
|
|a 978-80-206-0901-4
|q (váz.)
|
| 035 |
|
|
|a (OCoLC)320483593
|
| 040 |
|
|
|a OLA001
|b cze
|d ABA001
|
| 041 |
1 |
|
|a cze
|h eng
|
| 072 |
|
7 |
|a 623
|x Vojenská technika
|2 Konspekt
|9 19
|
| 080 |
|
|
|a 623.442.5
|2 MRF
|
| 080 |
|
|
|a (048.8)
|2 MRF
|
| 100 |
1 |
|
|a Hogg, Ian V.,
|d 1926-2002
|7 jn20000602971
|4 aut
|
| 245 |
1 |
0 |
|a Moderní odstřelovačské pušky /
|c Ian Hogg ; ilustrace Ray Hutchins ; přeložil Zdeněk Hurník
|
| 250 |
|
|
|a Vyd. 1. v Našem vojsku
|
| 260 |
|
|
|a Praha :
|b Naše vojsko,
|c 2008
|
| 300 |
|
|
|a 144 s. :
|b il. ;
|c 17 x 24 cm
|
| 500 |
|
|
|a Přeloženo z angličtiny
|
| 500 |
|
|
|a Terminologický slovník
|
| 650 |
0 |
7 |
|a odstřelovací pušky
|7 ph254900
|2 czenas
|
| 650 |
0 |
9 |
|a sniper rifles
|2 eczenas
|
| 655 |
|
7 |
|a přehledy
|7 fd133202
|2 czenas
|
| 655 |
|
9 |
|a surveys
|2 eczenas
|
| 765 |
0 |
|
|t World's sniping rifles
|9 Česky
|
| 856 |
4 |
1 |
|u http://www.digitalniknihovna.cz/mzk/uuid/uuid:44f91df0-a8e9-11e3-9d7d-005056827e51
|y Digitalizovaný dokument
|x NDK
|
| 910 |
2 |
|
|a BOA001
|b 2-1217.007
|
| 990 |
|
|
|a BK
|
| 995 |
|
|
|a 01
|
| 991 |
|
|
|b 200901
|c NOV
|
| 996 |
6 |
|
|b 2610362600
|c 2-1217.007
|l MZK
|r Sklad / do 1 hodiny
|n 7
|p p.v.
|w 000925210
|u 000010
|a 1
|e BOA001
|j MZK50
|s P
|